Normal view
MARC view
Entry Personal Name
001 - CONTROL NUMBER
- control field: 75702
003 - CONTROL NUMBER IDENTIFIER
- control field: dpl
005 - DATE AND TIME OF LATEST TRANSACTION
- control field: 20250102124607.0
008 - FIXED-LENGTH DATA ELEMENTS
- fixed length control field: 250102|| aca||aabn | a|a d
040 ## - CATALOGING SOURCE
- Original cataloging agency: dpl
- Transcribing agency: dpl
100 ## - HEADING--PERSONAL NAME
- Personal name: गोयल, गीतिका
670 ## - SOURCE DATA FOUND
- Source citation: Work cat.: (dpl)205666: गोयल, गीतिका, आओ सीखें ज्ञान की बातें /, 2023
